Word Ladder: Foreigner Music Quiz Stats

Quiz Updated Mar 13, 2016

Challenge
Share
Tweet
Embed
Score 0/28 Timer 04:00
5 Plays Today
Hint 4-Letter Word % Correct
Actors in a movie, collectivelyCAST
97.8%
PriceCOST
97.3%
Frozen precipitationSNOW
96.6%
Camper's shelterTENT
96.2%
Mucus, slangilySNOT
96.2%
Depression in a car doorDENT
95.9%
* Foreigner song: _____ Wait ** CAN'T *
95.7%
Ocean-going vesselSHIP
95.6%
* Foreigner song: _____ Let Go ** DON'T *
95.6%
Residue in fireplacesSOOT
95.6%
* Foreigner song: Damage Is _____ ** DONE *
95.1%
Make a garment with yarnKNIT
94.8%
Take a plungeDIVE
94.7%
Eccentric old manCOOT
94.5%
Hint 4-Letter Word % Correct
* Foreigner song: As Long As I _____ ** LIVE *
94.5%
EatDINE
94.5%
● Song: I [rung 1] to ____ [rung 18] [rung 28] Is ●● KNOW ●
94.1%
Slip, square, or overhand, e. g.KNOT
93.9%
Animal udderTEAT
93.7%
Beat cream until frothyWHIP
93.3%
* Foreigner song: ____ Was Yesterday ** THAT *
93.1%
● Song: I [rung 1] to [rung 9] [rung 18] ____ Is ●● LOVE ●
91.7%
● Song: I [rung 1] to [rung 9] ____ [rung 28] Is ●● WHAT ●
91.6%
'80s British pop duoWHAM!
89.7%
To make a small cutSNIP
89.5%
● Song: I ____ to [rung 9] [rung 18] [rung 28] Is ●● WANT ●
89.2%
Sudden thought or impulseWHIM
88.6%
Irritated or agitated stateSNIT
88.4%

Today's Daily Dose

Missing Word
1971 Movies A-Z

Word Ladder
Complete Tour

Quick Pick
Logo Colors

On This Day
January 19th

You're not logged in!

Compare scores with friends on all Sporcle quizzes.
Sign Up with Email
OR
Log In

You Might Also Like...

Show Comments

Extras

Top Quizzes Today


Score Distribution

Your Account Isn't Verified!

In order to create a playlist on Sporcle, you need to verify the email address you used during registration. Go to your Sporcle Settings to finish the process.